000 00605nam a2200193Ia 4500
003 IN-BaIIA
008 211028s9999 xx 000 0 eng d
020 _a0-87169-674-6
040 _cIIA Library
080 _a520.2
_bHEL
100 _aHelden, Albert Van
_911099
245 4 _aThe invention of the telescope
_cAlbert Van Helden
260 _aPhiladelphia
_bThe American Philosophical Society
_c1977
300 _a67p.
650 _aAstronomical telescopes
_92016
650 _aAstronomy and astrophysics thesaurus
650 _aTelescopes
_91997
942 _cBK
999 _c6466
_d6466